000 01036nac a22002897a 4500
001 BR8201619
003 BR-BrBNA
005 20240105115255.0
008 230509b bl.|||m| |||| 00| 0 por d
040 _aBR-BrBNA
_bpor
_cBiblioteca Nacional de Agricultura
072 _aF30; F00
090 _a1410 BR8201619
100 1 _aSerpa, J.E.S.
100 1 _aBarreto, A.C.
110 1 _aUnidade de Execucao de Pesquisa de Ambito Estadual de Aracaju, SE (Brasil)
_910344
245 1 _aCompeticao de cultivares de feijao em consorciacao com o milho, nas microregioes homogeneas 123 e 130, do estado de Sergipe [Brasil]
260 3 _aAracaju, SE (Brasil):
_c1982.
300 _a6 p.
490 _aPesquisa em Andamento - Unidade de Execucao de Pesquisa de Ambito Estadual de Aracaju (Brazil)
_vno. 6
_x
650 _aFEIJAO
650 _aMILHO
650 _aPRATICA CULTURAL
650 _aCOMPETICAO DE VARIEDADE
650 _aCONSORCIACAO DE CULTURA
909 _a202312
_bLúcia Elande
_c55
_dLúcia Elande
942 _2AGRIS
_n0
_cMS
999 _c274009
_d274009